| 000 | 01790 a2200217 4500 | ||
|---|---|---|---|
| 001 | 47190 | ||
| 005 | 20260407155740.0 | ||
| 008 | 260407a1973 arg spa d | ||
| 003 | AR-UNSa-BCEJYS | ||
| 040 |
_aAR-UNSa-BCEJYS _bspa _cAR-UNSa-BCEJYS |
||
| 080 |
_a330(82) _xEconomia Argentina |
||
| 245 | 1 | 0 |
_aLa Economía Argentina _plas etapas de su desarrollo y problemas actuales |
| 250 | _a7a. ed. | ||
| 264 | 1 |
_aBuenos Aires : _bFondo de Cultura Económica _c1973 |
|
| 300 |
_a284 p. _c21 cm. |
||
| 505 | _aParte I: Las economías regionales de subsistencia: 1. El comercio como factor de disolución del orden feudal - 2. Formación de la economía colonial americana - 3. Las economías regionales de subsistencia del actual territorio argentino - 4. Estructura y dinámica del sistema -- Parte II: La etapa de transición: 5. El puerto de Buenos Aires como intermediario comercial - 6. Expansión de la ganadería - 7. El desarrollo del Litoral - 8. El estancamiento del Interior -- Parte III: La economía primaria exportadora: 9. El progreso técnico y la integración de la economía mundial - 10. Factores condicionales y expansión agropecuaria - 11. Estructura y dinámica del sistema - 12. Quiebra del equilibrio interregional -- Parte IV: La economía semi-industrial dependiente: 13. La economía mundial a partir de 1930 - 14. Las nuevas condiciones del desarrollo - 15. Desarrollo del sistema y sus límites - 16. Consolidación del desequilibrio interregional - 17. La política económica a partir de 1930 -- Parte V: 18. Formación de la economía industrial avanzada. | ||
| 942 | _cBK | ||
| 590 | _aniveau_biblio:m niveau_hierar:0 | ||
| 100 | 1 | _aFerrer, Aldo | |
| 856 | 4 | 1 |
_uhttps://www.biblioeco.unsa.edu.ar/pmb/images/libros/L127425.jpg _yImagen de portada _qimage/jpeg |
| 999 |
_c4313 _d4313 |
||